IL genere Battus Tassonomia e storia naturale (Lepidoptera, Papilionidae) (Registro nro. 5731)
[ vista simple ]
| 000 -CABECERA | |
|---|---|
| Campo de control | 00419nam a2200157 a 4500 |
| 090 ## - CLASIFICACIÓN LOCAL | |
| Colección | LB |
| Consecutivo | 04987 |
| 041 ## - IDIOMA | |
| Código de idioma para texto/pista de sonido o título separado | Italiano |
| 100 ## - ASIENTO PRINCIPAL--NOMBRE PERSONAL | |
| Nombre personal | Racheli, Tommaso |
| 245 ## - MENCION DE TITULO | |
| Título | IL genere Battus Tassonomia e storia naturale (Lepidoptera, Papilionidae) |
| 260 ## - PUBLICACION, DISTRIBUCION, ETC. (PIE DE IMPRENTA) | |
| Lugar de publicación, distribución, etc. | Roma |
| Nombre del editor, distribuidor, etc. | s.n. |
| Fecha de publicación, distribución, etc. | 1992 |
| 300 ## - DESCRIPCION FISICA | |
| Extensión | 163 p. |
| 700 ## - ASIENTO SECUNDARIO - NOMBRE PERSONAL | |
| Nombre personal | Pariset, Lorraine |
| 942 ## - ELEMENTOS ADICIONALES (KOHA) | |
| Tipo de ítem | |
| 945 ## - PROCESAMIENTO LOCAL | |
| AAAA-MM-DD - Fecha de ingreso o modificacion | 2007-08-02 |
| Withdrawn status | Lost status | Damaged status | No para préstamo | Colección | Inventariado | Ubicación Permanente | Ubicación actual | Fecha de adquisición | Fuente de Valor | Valor | Total Checkouts | Número topográfico | Inventario / Código de Barras | Date last seen | Ejemplar | Price effective from | Forma de adquisición | Tipo de material |
|---|---|---|---|---|---|---|---|---|---|---|---|---|---|---|---|---|---|---|
| Entomología | Inventariado 2017 | Villa de Leyva | Villa de Leyva | 02/08/2007 | Instituto | 40000.00 | LB-04987 | 024923 | 04/12/2012 | Ej.1 | 04/12/2012 | Libro |